[Event "PRO League Group Stage"]
[Site "chess.com INT"]
[Date "2018.01.25"]
[Round "2"]
[White "Manukian, Artak"]
[Black "Kovalenko, Igor"]
[Result "1-0"]
[BlackTitle "GM"]
[WhiteElo "2196"]
[BlackElo "2635"]
[WhiteTeam "Armenia Eagles"]
[BlackTeam "Riga Magicians"]
[WhiteFideId "13301373"]
[BlackFideId "14117908"]
[EventDate "2018.01.18"]

1. e4 c5 2. Nf3 d6 3. Bb5+ Nd7 4. O-O a6 5. Bd3 Ngf6 6. Re1 Qc7 7. c3 g6 8. Bc2
Bg7 9. d4 e5 10. dxe5 dxe5 11. a4 b6 12. Na3 O-O 13. Nc4 Bb7 14. Qd6 Qxd6 15.
Nxd6 Bc6 16. b4 b5 17. Be3 c4 18. Ra3 Ng4 19. Bc5 Rfb8 20. h3 Nxc5 21. bxc5 Nh6
22. Rea1 b4 23. cxb4 Rxb4 24. Rc3 f6 25. Rxc4 Rb2 26. Rc3 Bf8 27. Bb3+ Kg7 28.
Bd5 Bxd5 29. exd5 Bxd6 30. cxd6 Nf7 31. Rc6 a5 32. Rac1 Rd8 33. Ra6 Rb7 34. Rc7
Rd7 35. Rxb7 Rxb7 36. Nd2 Rb4 37. d7 Rd4 38. Nb3 Rxd5 39. Ra7 Nd8 40. Nxa5 Kf8
41. Nc4 Ke7 42. Nb6 Rd1+ 43. Kh2 e4 44. a5 f5 45. a6 Ra1 46. Ra8 g5 47. a7 1-0

[Event "PRO League Group Stage"]
[Site "chess.com INT"]
[Date "2018.01.25"]
[Round "2"]
[White "Manukian, Artak"]
[Black "Meskovs, Nikita"]
[Result "0-1"]
[BlackTitle "GM"]
[WhiteElo "2196"]
[BlackElo "2546"]
[WhiteTeam "Armenia Eagles"]
[BlackTeam "Riga Magicians"]
[WhiteFideId "13301373"]
[BlackFideId "11602740"]
[EventDate "2018.01.18"]

1. e4 c5 2. Nf3 e6 3. c3 Nf6 4. e5 Nd5 5. d4 cxd4 6. cxd4 d6 7. Nc3 Nxc3 8. bxc3
Qc7 9. Bd2 Nd7 10. Bb5 a6 11. Bxd7+ Bxd7 12. O-O Rc8 13. Re1 d5 14. Ng5 h6 15.
Qh5 g6 16. Qh3 Bg7 17. Nf3 Bb5 18. Re3 Qc4 19. g4 Qa4 20. Ne1 h5 21. g5 O-O 22.
Rf3 Rc7 23. Rf6 Qc4 24. Nf3 Ba4 25. Ne1 Qe2 26. Qe3 Qxe3 27. fxe3 Bxf6 28. gxf6
Rfc8 29. Rc1 Bb5 30. Rc2 Rc4 31. Nd3 g5 32. Nb2 R4c7 33. Be1 Kh7 34. Rg2 Kg6 35.
Bd2 Rxc3 36. Bxc3 Rxc3 37. Kf2 Kf5 38. h3 a5 39. Nd1 Rc1 40. Rg1 Ba4 41. Ke2
Rxd1 42. Rxd1 Bxd1+ 43. Kxd1 Ke4 44. Ke2 b5 0-1

[Event "PRO League Group Stage"]
[Site "chess.com INT"]
[Date "2018.01.25"]
[Round "2"]
[White "Maurizzi, Marc Andria"]
[Black "Cornette, Deimante"]
[Result "0-1"]
[WhiteTitle "CM"]
[BlackTitle "IM"]
[WhiteElo "2018"]
[BlackElo "2439"]
[WhiteTeam "Marseille Migraines"]
[BlackTeam "Cannes Blockbusters"]
[WhiteFideId "36083534"]
[BlackFideId "12802859"]
[EventDate "2018.01.18"]

1. e4 Nf6 2. Nc3 d5 3. exd5 Nxd5 4. Nf3 Bg4 5. Bc4 e6 6. h3 Bh5 7. O-O Be7 8. d4
O-O 9. Be2 Nd7 10. Nxd5 exd5 11. Bf4 Nf6 12. Ne5 Bxe2 13. Qxe2 c6 14. Rfe1 Re8
15. Qd3 Ne4 16. f3 Nd6 17. c3 Bh4 18. Re2 f6 19. Ng4 Rxe2 20. Qxe2 Qd7 21. g3
Re8 22. Qd2 Nc4 23. Qd3 Bg5 24. Bxg5 fxg5 25. b3 Nd6 26. Kg2 Nf7 27. Rd1 Qe6 28.
Rd2 h5 29. Nf2 Nd6 30. Kf1 Nf5 31. Kg2 Ne3+ 32. Kg1 Qd6 33. Nh1 Qf6 34. Rf2 Re7
35. Qd2 b6 36. Qd3 c5 37. dxc5 bxc5 38. f4 g4 39. Re2 d4 40. hxg4 hxg4 41. Nf2
Kf8 42. Ne4 Qf5 43. Nf2 Qd5 44. Nd1 Qf3 45. Nxe3 dxe3 46. c4 Qxg3+ 47. Kf1 Qf3+
48. Kg1 g3 49. Qd8+ Re8 50. Qd5 Qxe2 51. Qxc5+ Kg8 52. Qd5+ Kh8 53. Qh1+ Qh2+ 0-1

[Event "PRO League Group Stage"]
[Site "chess.com INT"]
[Date "2018.01.25"]
[Round "2"]
[White "Harvey, Marcus R"]
[Black "Klein, David"]
[Result "0-1"]
[WhiteTitle "FM"]
[BlackTitle "GM"]
[WhiteElo "2349"]
[BlackElo "2501"]
[WhiteTeam "London Lions"]
[BlackTeam "Amsterdam Mosquitoes"]
[WhiteFideId "400092"]
[BlackFideId "1003623"]
[EventDate "2018.01.18"]

1. Nf3 Nf6 2. b3 d5 3. Bb2 c6 4. g3 Bf5 5. Bg2 e6 6. O-O Nbd7 7. d3 Be7 8. Nbd2
O-O 9. Nh4 Bg4 10. h3 Bh5 11. f4 Ne8 12. Nhf3 Bf6 13. Bxf6 Nexf6 14. e4 dxe4 15.
Nxe4 Nd5 16. Qd2 Qb6+ 17. d4 Bg6 18. Rfe1 Rad8 19. c4 Ne7 20. c5 Qc7 21. Nd6 Nf5
22. Nxf5 Bxf5 23. Qf2 h6 24. Rad1 Qa5 25. g4 Bh7 26. g5 hxg5 27. fxg5 b6 28.
cxb6 axb6 29. Qd2 Ra8 30. a4 Rfd8 31. Qxa5 Rxa5 32. Ne5 Nxe5 33. dxe5 Rxd1 34.
Rxd1 Bc2 35. Rd2 Bxb3 36. Bxc6 Bxa4 37. Rd8+ Kh7 38. Be4+ g6 39. Ra8 Bb3 40. Rb8
Rxe5 41. Rxb6 Rxg5+ 42. Kf2 Bd5 43. Bd3 Rg2+ 44. Ke1 Rg3 45. Bf1 g5 46. Rb8 Kg7
47. Kf2 Rf3+ 48. Ke1 Ra3 49. Kf2 Rc3 50. Rb4 f5 51. Ra4 Kf6 52. Rb4 Ke5 53. Ra4
Rb3 54. Kg1 Rc3 55. Kf2 Be4 56. Ra6 Rc2+ 57. Kg1 Rc1 58. Ra3 Kf4 59. Kf2 Rc2+
60. Be2 e5 61. Ke1 Rc1+ 62. Kf2 Bc6 63. Rb3 e4 64. Ra3 Bd5 65. Ba6 Rc2+ 66. Ke1
e3 67. Kd1 Rd2+ 68. Kc1 Be4 69. Bb5 Rc2+ 70. Kd1 Rb2 71. Ba6 Bf3+ 72. Kc1 Rb4
73. Bd3 Rd4 74. Kc2 Be4 75. Bxe4 Kxe4 76. Ra8 f4 77. Rg8 e2 78. h4 gxh4 0-1

[Event "PRO League Group Stage"]
[Site "chess.com INT"]
[Date "2018.01.25"]
[Round "2"]
[White "Harvey, Marcus R"]
[Black "Van der Lende, Ilias"]
[Result "0-1"]
[WhiteTitle "FM"]
[BlackTitle "FM"]
[WhiteElo "2349"]
[BlackElo "2332"]
[WhiteTeam "London Lions"]
[BlackTeam "Amsterdam Mosquitoes"]
[WhiteFideId "400092"]
[BlackFideId "1019260"]
[EventDate "2018.01.18"]

1. Nf3 d5 2. d4 e6 3. Bf4 c5 4. e3 Nc6 5. c3 Nf6 6. Nbd2 Nh5 7. Bg5 Qb6 8. Rb1
h6 9. Bh4 g5 10. Bg3 Nxg3 11. hxg3 Bg7 12. Bd3 cxd4 13. exd4 Bd7 14. Nb3 O-O-O
15. Nc5 Kb8 16. Nxd7+ Rxd7 17. Qb3 Qc7 18. Bb5 g4 19. Bxc6 Qxc6 20. Ng1 e5 21.
dxe5 d4 22. Ne2 Qxg2 23. Rh4 d3 24. Rd1 dxe2 25. Kxe2 Rxd1 26. Qxd1 Qf3+ 27. Ke1
Qxd1+ 28. Kxd1 h5 29. f3 gxf3 30. Rf4 Bxe5 31. Rxf3 f6 32. Ke2 Rg8 33. Kf2 Kc7
34. Rd3 Kc6 35. a4 Rg7 36. b3 Kc5 37. Re3 Kd5 38. Rd3+ Kc5 39. Re3 a5 40. Rd3 b6
41. Re3 Kd5 42. Rd3+ Ke4 43. Re3+ Kf5 44. Rf3+ Kg4 45. Re3 Rc7 46. Re4+ Kg5 47.
c4 Rd7 48. Ke3 Rd6 49. Ke2 Rd4 50. Re3 Rg4 51. Kf3 Rxg3+ 0-1

[Event "PRO League Group Stage"]
[Site "chess.com INT"]
[Date "2018.01.25"]
[Round "2"]
[White "Margvelashvili, Giorgi"]
[Black "Khachiyan, Melikset"]
[Result "1-0"]
[WhiteTitle "GM"]
[BlackTitle "GM"]
[WhiteElo "2530"]
[BlackElo "2522"]
[WhiteTeam "Seattle Sluggers"]
[BlackTeam "Las Vegas Desert Rats"]
[WhiteFideId "13602926"]
[BlackFideId "13300512"]
[EventDate "2018.01.18"]

1. d4 d5 2. c4 c6 3. Nf3 Nf6 4. Qb3 g6 5. g3 Bg7 6. Bg2 O-O 7. O-O dxc4 8. Qxc4
Be6 9. Qa4 Nbd7 10. Nc3 Nb6 11. Qc2 Nfd5 12. Rd1 Nxc3 13. bxc3 Nc4 14. a4 Qa5
15. Rb1 Nb6 16. Ra1 c5 17. Ba3 Qxa4 18. Qc1 Qb5 19. Bxc5 Qxe2 20. Bxe7 Rfe8 21.
Re1 Qb5 22. Bc5 Bd5 23. Rxe8+ Rxe8 24. Rxa7 Nd7 25. Bb4 Qc6 26. Qd1 Bf8 27. Bxf8
Nxf8 28. Ra3 f6 29. Nh4 Bxg2 30. Nxg2 Kg7 31. Ne3 Ne6 32. d5 Qc5 33. Rb3 Nd8 34.
c4 h5 35. Rb5 Qa7 36. c5 Nf7 37. Qb1 Qa3 38. Qb3 Qxb3 39. Rxb3 Rc8 40. Rb5 Rc7
41. Nc4 Rd7 42. Na5 Rxd5 43. Nxb7 Ne5 44. Kg2 g5 45. Nd6 g4 46. Nf5+ Kf7 47.
Rb7+ Ke6 48. Ng7# 1-0

[Event "PRO League Group Stage"]
[Site "chess.com INT"]
[Date "2018.01.25"]
[Round "2"]
[White "Margvelashvili, Giorgi"]
[Black "Paikidze, Nazi"]
[Result "1-0"]
[WhiteTitle "GM"]
[BlackTitle "IM"]
[WhiteElo "2530"]
[BlackElo "2352"]
[WhiteTeam "Seattle Sluggers"]
[BlackTeam "Las Vegas Desert Rats"]
[WhiteFideId "13602926"]
[BlackFideId "13603620"]
[EventDate "2018.01.18"]

1. Nf3 d5 2. d4 Nf6 3. c4 c6 4. Qb3 dxc4 5. Qxc4 Bf5 6. g3 Nbd7 7. Bg2 e6 8. Nc3
Be7 9. Qb3 Qb6 10. Nd2 O-O 11. Nc4 Qa6 12. e4 Bg6 13. Bg5 h6 14. Bh4 Rfe8 15.
O-O b5 16. Ne5 Nxe5 17. dxe5 Ng4 18. Bxe7 Rxe7 19. a4 Nxe5 20. axb5 Qb7 21. Ra5
c5 22. h3 c4 23. Qc2 Rd7 24. Rfa1 Qb6 25. Ra6 Qd4 26. b6 Nd3 27. Qd2 Qc5 28. Qe3
Qxe3 29. fxe3 Nb4 30. Rxa7 Rdxa7 31. bxa7 e5 32. Nb5 Nc6 33. Ra6 Nxa7 34. Rxa7
Rb8 35. Ra5 f6 36. Bf1 Bf7 37. Nd6 Rxb2 38. Nxf7 Kxf7 39. Bxc4+ Kg6 40. Ra2 Rb4
41. Bd5 Kg5 42. Rf2 g6 43. Kg2 f5 44. h4+ Kf6 45. exf5 gxf5 46. e4 f4 47. gxf4
exf4 48. Rxf4+ Ke5 49. Rf5+ Kd6 50. Kg3 1-0

[Event "PRO League Group Stage"]
[Site "chess.com INT"]
[Date "2018.01.25"]
[Round "2"]
[White "Flores Rios, Mauricio"]
[Black "Villanueva, Mario"]
[Result "1-0"]
[WhiteTitle "GM"]
[BlackTitle "IM"]
[WhiteElo "2529"]
[BlackElo "2466"]
[WhiteTeam "Minnesota Blizzard"]
[BlackTeam "Buenos Aires Krakens"]
[WhiteFideId "3408027"]
[BlackFideId "113433"]
[EventDate "2018.01.18"]

1. d4 Nf6 2. c4 g6 3. Nc3 Bg7 4. e4 d6 5. Nf3 O-O 6. h3 e5 7. d5 Na6 8. Bg5 h6
9. Be3 Nc5 10. Nd2 a5 11. g4 c6 12. Be2 Bd7 13. h4 a4 14. g5 hxg5 15. hxg5 Nh7
16. Rg1 Re8 17. Qc2 Bf8 18. O-O-O Be7 19. Nf3 cxd5 20. Nxd5 Rc8 21. Rg2 Ne6 22.
Bb6 Nc7 23. Nxc7 Rxc7 24. c5 Bc6 25. Kb1 Qc8 26. Bxc7 Qxc7 27. cxd6 Bxd6 28. Rh1
a3 29. Bc4 Rc8 30. Rgh2 Nf8 31. Nd2 axb2 32. Qd3 Qd7 33. Qf3 Qf5 34. exf5 Bxf3
35. Rh8+ Kg7 36. f6# 1-0

[Event "PRO League Group Stage"]
[Site "chess.com INT"]
[Date "2018.01.25"]
[Round "2"]
[White "Flores Rios, Mauricio"]
[Black "Obregon, Andres Carlos"]
[Result "1/2-1/2"]
[WhiteTitle "GM"]
[BlackTitle "GM"]
[WhiteElo "2529"]
[BlackElo "2514"]
[WhiteTeam "Minnesota Blizzard"]
[BlackTeam "Buenos Aires Krakens"]
[WhiteFideId "3408027"]
[BlackFideId "111724"]
[EventDate "2018.01.18"]

1. d4 d5 2. c4 c6 3. Nf3 Nf6 4. Qb3 dxc4 5. Qxc4 Bf5 6. g3 e6 7. Bg2 Nbd7 8. O-O
Be7 9. Nc3 O-O 10. Re1 Ne4 11. Qb3 Qb6 12. Nh4 Bxh4 13. Nxe4 Be7 14. Bf4 Rfd8
15. Nd6 Bxd6 16. Bxd6 Nf6 17. Bc5 Qxb3 18. axb3 a6 19. e4 Bg6 20. f3 Ne8 21. Kf2
Rd7 22. g4 Nc7 23. Ke3 f6 24. h4 Bf7 25. e5 fxe5 26. dxe5 Rad8 27. Bf1 Bg6 28.
Bd6 Ne8 29. Bb4 Nc7 30. Bd6 Ne8 31. Bc4 Nxd6 32. Bxe6+ Nf7 33. Bxd7 Rxd7 34. h5
Bc2 35. e6 Rd3+ 36. Ke2 Ne5 37. e7 Kf7 38. Kf2 Nxg4+ 39. fxg4 Ke8 40. Re2 Bxb3
41. Rc1 Bd5 42. Rc3 Rd4 43. Kg3 Rd1 44. Rce3 Rg1+ 45. Kh4 Rf1 46. Kg5 Rf6 47.
Re5 h6+ 48. Kh4 Rf7 49. Rf5 Rxe7 50. Rfe5 Rxe5 51. Rxe5+ Kf7 52. Kg3 a5 53. Kf4
b5 54. Rf5+ Ke7 55. Ke5 a4 56. Rf4 Be6 57. Re4 c5 58. Rf4 b4 59. Re4 Kd7 60. Re3
Bxg4 61. Kd5 Bxh5 62. Kxc5 a3 63. bxa3 bxa3 64. Rxa3 Ke6 65. Kd4 Kf6 66. Ke4 Bg4
67. Kf4 Be6 68. Ra6 g5+ 69. Kg3 h5 70. Rb6 h4+ 71. Kg2 Kf5 72. Rb5+ Kf6 73. Rb6
Ke5 74. Rb5+ Kf4 75. Rb4+ Ke3 76. Rb5 Kf4 77. Rb4+ Kf5 78. Rb5+ Kf6 79. Rb6 g4
80. Rb5 Bf5 81. Rb6+ Ke5 82. Rh6 Be4+ 83. Kg1 h3 84. Kh2 Kf4 85. Rxh3 gxh3 86.
Kxh3 1/2-1/2

[Event "PRO League Group Stage"]
[Site "chess.com INT"]
[Date "2018.01.25"]
[Round "2"]
[White "Maze, Sebastien"]
[Black "Cornette, Deimante"]
[Result "1-0"]
[WhiteTitle "GM"]
[BlackTitle "IM"]
[WhiteElo "2620"]
[BlackElo "2439"]
[WhiteTeam "Marseille Migraines"]
[BlackTeam "Cannes Blockbusters"]
[WhiteFideId "613762"]
[BlackFideId "12802859"]
[EventDate "2018.01.18"]

1. d4 d5 2. Nf3 Nf6 3. Bf4 c5 4. e3 Nc6 5. Nbd2 cxd4 6. exd4 Bf5 7. c3 e6 8. Ne5
Bd6 9. Bb5 Rc8 10. O-O O-O 11. Re1 Ne4 12. Nxe4 Bxe4 13. f3 Bf5 14. Kh1 Nxe5 15.
Bxe5 Bxe5 16. Rxe5 Qb6 17. Qb3 Qd6 18. Rae1 Rc7 19. Bf1 Re7 20. g4 Bg6 21. Bg2
f6 22. R5e3 Bf7 23. Bf1 Qf4 24. Qa3 Ree8 25. Qxa7 e5 26. Qb6 e4 27. fxe4 Rxe4
28. Rxe4 dxe4 29. Bg2 Qxg4 30. Qxb7 f5 31. Qb5 Qh4 32. Qf1 Bd5 33. c4 Bxc4 34.
Qxc4+ Kh8 35. Qf1 f4 36. Rxe4 Qg5 37. Qf3 Qa5 38. Qxf4 Rc8 39. h3 Qxa2 40. Qf2
Qb1+ 41. Kh2 h6 42. Qe3 Qxb2 43. Re8+ Rxe8 44. Qxe8+ Kh7 45. Qe4+ Kh8 46. d5 1-0

[Event "PRO League Group Stage"]
[Site "chess.com INT"]
[Date "2018.01.25"]
[Round "2"]
[White "Maze, Sebastien"]
[Black "Lagarde, Maxime"]
[Result "1-0"]
[WhiteTitle "GM"]
[BlackTitle "GM"]
[WhiteElo "2620"]
[BlackElo "2586"]
[WhiteTeam "Marseille Migraines"]
[BlackTeam "Cannes Blockbusters"]
[WhiteFideId "613762"]
[BlackFideId "662399"]
[EventDate "2018.01.18"]

1. d4 Nf6 2. Bf4 d5 3. Nf3 e6 4. e3 c5 5. Nbd2 Nc6 6. c3 cxd4 7. exd4 Nh5 8. Be3
Bd6 9. Ne5 g6 10. g4 Ng7 11. h4 h5 12. Bg5 Qc7 13. Bf6 Kf8 14. f4 Be7 15. Bxe7+
Nxe7 16. g5 Ngf5 17. Bd3 a5 18. Kf2 Kg7 19. Ndf3 b6 20. Qe2 Nd6 21. Nd2 Rf8 22.
Rhg1 Qa7 23. Bc2 Ba6 24. Qe1 Qc7 25. Nef3 Kg8 26. Rc1 Rac8 27. Bb1 Ne8 28. Ne5
Ng7 29. Ndf3 f6 30. gxf6 Rxf6 31. Bxg6 Nxg6 32. Rxg6 Rxg6 33. Nxg6 Bd3 34. Nge5
Be4 35. Ng5 Rf8 36. Qd2 Bf5 37. Rg1 Rf6 38. Qe2 Bg4 39. Qe3 Nf5 40. Nxg4 hxg4
41. Qe5 Qg7 42. Rxg4 Nh6 43. Rg2 Kh8 44. Nxe6 Qf7 45. Ng5 Qg6 46. Ne4 1-0

[Event "PRO League Group Stage"]
[Site "chess.com INT"]
[Date "2018.01.25"]
[Round "2"]
[White "Brattain, Mika"]
[Black "Van Kampen, Robin"]
[Result "0-1"]
[BlackTitle "GM"]
[WhiteElo "2404"]
[BlackElo "2646"]
[WhiteTeam "Pittsburgh Pawngrabbers"]
[BlackTeam "Montreal Chessbrahs"]
[WhiteFideId "2071142"]
[BlackFideId "1020854"]
[EventDate "2018.01.18"]

1. Nf3 d6 2. d4 Nf6 3. c4 g6 4. Nc3 Bf5 5. Nh4 Bd7 6. e4 Bg7 7. Be2 e5 8. Nf3
Nc6 9. d5 Ne7 10. O-O O-O 11. Ne1 Ne8 12. Nd3 f5 13. f4 exf4 14. Bxf4 Bxc3 15.
bxc3 fxe4 16. Nb4 Nf5 17. Qd2 Nf6 18. Nc2 Qe7 19. g4 Nh4 20. Bg5 Nf3+ 21. Bxf3
exf3 22. Rae1 Ne4 23. Bxe7 Nxd2 24. Rf2 Nxc4 25. Bxf8 Rxf8 26. Re7 Ne5 27. h3 h5
28. gxh5 Bxh3 29. Nd4 g5 30. Rxc7 Kh8 31. h6 Rf4 32. Rg7 Rg4+ 33. Kh2 Bg2 34.
Nf5 Nd3 35. Nxd6 Rh4+ 36. Kg3 Rh3+ 37. Kg4 Rxh6 38. Rd2 Rxd6 39. Rxg5 f2 40.
Rh5+ Kg7 41. Rg5+ Rg6 0-1

[Event "PRO League Group Stage"]
[Site "chess.com INT"]
[Date "2018.01.25"]
[Round "2"]
[White "Brattain, Mika"]
[Black "Kleinman, Michael"]
[Result "1/2-1/2"]
[BlackTitle "IM"]
[WhiteElo "2404"]
[BlackElo "2394"]
[WhiteTeam "Pittsburgh Pawngrabbers"]
[BlackTeam "Montreal Chessbrahs"]
[WhiteFideId "2071142"]
[BlackFideId "2609479"]
[EventDate "2018.01.18"]

1. Nf3 c5 2. c4 Nc6 3. d4 cxd4 4. Nxd4 Nf6 5. Nc3 e6 6. Ndb5 d5 7. Bf4 e5 8.
cxd5 exf4 9. dxc6 bxc6 10. Qxd8+ Kxd8 11. Nd4 Bb7 12. g3 c5 13. Nf3 Kc7 14. Bg2
fxg3 15. hxg3 Rb8 16. O-O Bc6 17. b3 Bd6 18. Nd2 Be5 19. Rac1 Rhd8 20. Nce4 Nxe4
21. Nxe4 Bxe4 22. Bxe4 Kb6 23. Rfd1 g6 24. Kg2 Bb2 25. Rb1 Bc3 26. Bd3 Rd7 27.
Rbc1 Bd4 28. Rc4 a5 29. a3 Bb2 30. Ra4 Rd4 31. Rxd4 cxd4 32. Bc4 f5 33. Rd2 Bc3
34. Rd3 Kc5 35. e3 Bb2 36. exd4+ Bxd4 37. a4 Rb6 38. Rd2 h5 39. Re2 Rd6 40. Re6
g5 41. Rxd6 Kxd6 42. Bf7 h4 43. gxh4 gxh4 44. f3 Ke5 45. Be8 Kf4 46. Bc6 Bc3 47.
Kh3 Be1 48. Bb7 Ke5 49. Bc6 Kd4 50. Bb7 Kc3 51. Bd5 Kd4 52. Be6 Ke5 53. Bc4 Kf4
54. Bd5 Ke3 55. Be6 Kf4 56. Bd5 Ke3 1/2-1/2

[Event "PRO League Group Stage"]
[Site "chess.com INT"]
[Date "2018.01.25"]
[Round "2"]
[White "Kleinman, Michael"]
[Black "Shetty, Atulya"]
[Result "0-1"]
[WhiteTitle "IM"]
[BlackTitle "IM"]
[WhiteElo "2394"]
[BlackElo "2389"]
[WhiteTeam "Montreal Chessbrahs"]
[BlackTeam "Pittsburgh Pawngrabbers"]
[WhiteFideId "2609479"]
[BlackFideId "2031213"]
[EventDate "2018.01.18"]

1. e4 e6 2. d4 d5 3. Nd2 c5 4. exd5 Qxd5 5. Ngf3 cxd4 6. Bc4 Qd6 7. O-O Nf6 8.
Nb3 Nc6 9. Nbxd4 Nxd4 10. Nxd4 a6 11. Re1 Qc7 12. Bf1 Be7 13. Qf3 O-O 14. Bf4
Bd6 15. Bxd6 Qxd6 16. Rad1 Qc7 17. g4 h6 18. h4 Bd7 19. g5 hxg5 20. hxg5 Nh7 21.
Qh5 Qf4 22. Ne2 Qxg5+ 23. Qxg5 Nxg5 24. Bg2 Bc6 25. Bxc6 bxc6 26. Rd3 e5 27. Ng3
Rfd8 28. Red1 Ne6 29. Nf5 Kf8 30. Kf1 g6 31. Nd6 Ke7 32. Nc4 e4 33. Rd6 Rab8 34.
Ke1 Rxd6 35. Rxd6 Nd8 36. Ke2 Rxb2 37. Rd2 Rxa2 38. Ke3 f5 39. Ne5 Ra3+ 40. Kd4
Ra5 41. Nxg6+ Kf6 42. Nf4 Ne6+ 43. Ke3 Ra3+ 0-1

[Event "PRO League Group Stage"]
[Site "chess.com INT"]
[Date "2018.01.25"]
[Round "2"]
[White "Kleinman, Michael"]
[Black "Shabalov, Alexander"]
[Result "1-0"]
[WhiteTitle "IM"]
[BlackTitle "GM"]
[WhiteElo "2394"]
[BlackElo "2544"]
[WhiteTeam "Montreal Chessbrahs"]
[BlackTeam "Pittsburgh Pawngrabbers"]
[WhiteFideId "2609479"]
[BlackFideId "2008572"]
[EventDate "2018.01.18"]

1. e4 Nc6 2. Nf3 d6 3. d4 Nf6 4. Nc3 g6 5. h3 Bg7 6. Be3 O-O 7. Qd2 a6 8. Bh6 e5
9. Bxg7 Kxg7 10. O-O-O Qe8 11. Nd5 Nxe4 12. Qe1 f5 13. dxe5 dxe5 14. Bc4 Rf7 15.
Nc3 Be6 16. Bxe6 Qxe6 17. Nxe4 fxe4 18. Ng5 Qxa2 19. Nxf7 Qa1+ 20. Kd2 Qxb2 21.
Qxe4 Kxf7 22. Qd5+ Kg7 23. Rb1 Qa3 24. Rb3 Qe7 25. Kc1 Rd8 26. Qe4 Rd4 27. Qe3
b5 28. Rd1 Na5 29. Rc3 c5 30. Qe2 Qg5+ 31. Kb1 Nc4 32. Rxd4 cxd4 33. Rg3 Qe7 34.
Rf3 e4 35. Rb3 Qg5 36. g3 Nd2+ 37. Kb2 Nxb3 38. Kxb3 Qd5+ 39. Kb2 a5 40. h4 a4
41. Qd2 Qe5 42. Qb4 e3 43. f4 Qf6 44. Kc1 e2 45. Kd2 Qe6 46. Ke1 Kh6 47. Qxd4 a3
48. Qd2 Kg7 49. Qc3+ Kf7 50. Qxa3 Qc4 51. Qa7+ Ke6 52. Qe3+ Kf5 53. Qxe2 Qc3+
54. Kf2 Qc5+ 55. Kg2 Qd5+ 56. Kh2 Kf6 57. Qe3 Qc4 58. Qe5+ Kf7 59. Kh3 Qxc2 60.
Qd5+ Kg7 61. Qe5+ Kf7 62. Qxb5 Qe4 63. Qd7+ Kg8 64. Qd8+ Kg7 65. Qd7+ Kg8 66.
Kg4 Qe3 67. Qd8+ Kg7 68. Qd7+ Kg8 69. Qd5+ Kf8 70. Qe5 1-0

[Event "PRO League Group Stage"]
[Site "chess.com INT"]
[Date "2018.01.25"]
[Round "2"]
[White "Lenic, Luka"]
[Black "Alekseenko, Kirill"]
[Result "1-0"]
[WhiteTitle "GM"]
[BlackTitle "GM"]
[WhiteElo "2662"]
[BlackElo "2594"]
[WhiteTeam "Ljubljana Turtles"]
[BlackTeam "Stockholm Snowballs"]
[WhiteFideId "14603853"]
[BlackFideId "4135539"]
[EventDate "2018.01.18"]

1. e4 c5 2. Nf3 Nc6 3. Bb5 e6 4. O-O Nge7 5. d4 cxd4 6. Nxd4 Ng6 7. Be2 Be7 8.
Be3 O-O 9. c4 d6 10. Nc3 Bd7 11. Qd2 a6 12. Rfd1 Rc8 13. Nb3 Nb8 14. f4 Qc7 15.
Rac1 Rfd8 16. Nd5 exd5 17. cxd5 Nc6 18. dxc6 Bxc6 19. Nd4 Qd7 20. Bd3 Bf6 21.
Nxc6 Rxc6 22. Rxc6 bxc6 23. Bxa6 Nxf4 24. Bxf4 Qa7+ 25. Kh1 Qxa6 26. e5 Bh4 27.
exd6 Qxa2 28. d7 Qa7 29. Qe2 h6 30. Qe8+ Kh7 31. Qe4+ g6 32. Be3 Rxd7 33. Rxd7
Qxd7 34. Qxh4 Qd1+ 35. Bg1 h5 36. Qd4 Qe2 37. b3 Qe6 38. Qc4 Qd7 39. h3 Kg8 40.
Bd4 Qf5 41. Qxc6 Qf1+ 42. Bg1 1-0

[Event "PRO League Group Stage"]
[Site "chess.com INT"]
[Date "2018.01.25"]
[Round "2"]
[White "Lenic, Luka"]
[Black "Agrest, Evgenij"]
[Result "1-0"]
[WhiteTitle "GM"]
[BlackTitle "GM"]
[WhiteElo "2662"]
[BlackElo "2584"]
[WhiteTeam "Ljubljana Turtles"]
[BlackTeam "Stockholm Snowballs"]
[WhiteFideId "14603853"]
[BlackFideId "1705024"]
[EventDate "2018.01.18"]

1. d4 d5 2. Nf3 Nf6 3. c4 c6 4. Nc3 e6 5. Bg5 Nbd7 6. e3 Qa5 7. Nd2 dxc4 8. Bxf6
Nxf6 9. Nxc4 Qc7 10. Rc1 Be7 11. g3 O-O 12. Bg2 Rd8 13. Qe2 Bd7 14. O-O Be8 15.
Rfd1 Rac8 16. Ne4 Nd5 17. a3 a5 18. h4 h6 19. Rd2 Ra8 20. Rdc2 Qb8 21. Nc5 Qa7
22. Ne5 Rab8 23. Bh3 Nc7 24. Qf3 Bd6 25. Ne4 Be7 26. Bf1 f6 27. Nd3 Bg6 28. Nf4
Bf7 29. Nc5 e5 30. dxe5 fxe5 31. Nfd3 Bf6 32. Ne4 Ne8 33. Nxf6+ gxf6 34. Nc5 Kg7
35. Qg4+ Kf8 36. Nd7+ Rxd7 37. Qxd7 Qb6 38. Rd2 Qc7 39. Qf5 Rd8 40. Rcd1 Rxd2
41. Rxd2 Ke7 42. Qh7 Nd6 43. Bd3 Ke6 44. Bg6 b5 45. Rxd6+ Kxd6 46. Qxf7 Qxf7 47.
Bxf7 c5 48. Kf1 c4 49. Ke2 Kc5 50. Kd2 b4 51. axb4+ axb4 52. f3 Kb5 53. g4 Kc5
54. b3 c3+ 55. Kd3 Kb5 56. Bg6 Kc5 57. Ke2 Kd5 58. Bc2 Kc5 59. Kd3 Kd5 60. f4 1-0

[Event "PRO League Group Stage"]
[Site "chess.com INT"]
[Date "2018.01.25"]
[Round "2"]
[White "Gorozhanin, Mikhail"]
[Black "Ehlvest, Jaan"]
[Result "1/2-1/2"]
[WhiteTitle "FM"]
[BlackTitle "GM"]
[WhiteElo "2435"]
[BlackElo "2536"]
[WhiteTeam "Volga Stormbringers"]
[BlackTeam "Estonia Horses"]
[WhiteFideId "4178262"]
[BlackFideId "4500016"]
[EventDate "2018.01.18"]

1. d4 Nf6 2. Nf3 e6 3. Bf4 d5 4. e3 Bd6 5. Ne5 O-O 6. Nd2 c5 7. c3 Nc6 8. Bg3
Bxe5 9. dxe5 Nd7 10. f4 b6 11. Bd3 Bb7 12. O-O a5 13. Bc2 f5 14. exf6 Nxf6 15.
e4 d4 16. Bb3 Qe8 17. f5 Nd8 18. cxd4 a4 19. Bxe6+ Nxe6 20. fxe6 Qxe6 21. d5 Qe8
22. Re1 Qg6 23. Qe2 Ba6 24. Qd1 Bd3 25. Qf3 c4 26. Qe3 Nxe4 27. Nxe4 Rae8 28.
Nf6+ gxf6 29. Qxb6 Be4 30. Rad1 a3 31. d6 Rb8 32. Qd4 axb2 33. d7 b1=Q 34. Rxb1
Rxb1 35. Rxb1 Bxb1 36. d8=Q Rxd8 37. Qxd8+ Kg7 38. Bd6 Qf7 39. Qa5 Be4 40. Qd2
Qd5 41. Qxd5 Bxd5 42. Bb4 Bc6 43. Bc3 Kg6 44. Kf2 f5 45. a3 Kf7 46. g3 Ke6 47.
Ke3 Kd5 48. Kf4 Bd7 49. a4 Bxa4 50. Kxf5 Bc2+ 51. Kf4 1/2-1/2